<?xml version="1.0" encoding="UTF-8"?>
<collection xmlns:xsi="http://www.w3.org/2001/XMLSchema-instance" xsi:schemaLocation="http://www.loc.gov/MARC21/slim http://www.loc.gov/standards/marcxml/schema/MARC21slim.xsd" xmlns="http://www.loc.gov/MARC21/slim">
 <record>
  <leader>00000cam a22000004a 4500</leader>
  <controlfield tag="001">UP-8027390931313532742</controlfield>
  <controlfield tag="003">Buklod</controlfield>
  <controlfield tag="005">20070912122511.0</controlfield>
  <controlfield tag="006">m    |o  d |      </controlfield>
  <controlfield tag="007">ta</controlfield>
  <controlfield tag="008">701130s1970    nyu     rb   |000 0|eng d</controlfield>
  <datafield tag="010" ind1=" " ind2=" ">
   <subfield code="a">70095662 //r83</subfield>
  </datafield>
  <datafield tag="035" ind1=" " ind2=" ">
   <subfield code="a">(iLib)UPVIS-00000023056</subfield>
  </datafield>
  <datafield tag="090" ind1="0" ind2=" ">
   <subfield code="a">DD256.5</subfield>
   <subfield code="b">B66 1970</subfield>
  </datafield>
  <datafield tag="100" ind1="1" ind2=" ">
   <subfield code="a">Bracher, Karl Dietrich</subfield>
   <subfield code="d">1922-</subfield>
  </datafield>
  <datafield tag="245" ind1="1" ind2="4">
   <subfield code="a">The German dictatorship</subfield>
   <subfield code="b">the origins, structure, and effects of national socialism</subfield>
   <subfield code="c">Translated from the German by  Jean Steinberg. With an introd. by Peter Gay.</subfield>
  </datafield>
  <datafield tag="264" ind1=" " ind2="1">
   <subfield code="a">New York</subfield>
   <subfield code="b">Praeger Publishers</subfield>
   <subfield code="c">[1970].</subfield>
  </datafield>
  <datafield tag="300" ind1=" " ind2=" ">
   <subfield code="a">xv, 553 p.</subfield>
   <subfield code="c">25 cm.</subfield>
  </datafield>
  <datafield tag="500" ind1=" " ind2=" ">
   <subfield code="a">Translation of Die deutsche Diktatur; Entstehung, Struktur, Folgen des Nationalsozialismus.</subfield>
  </datafield>
  <datafield tag="504" ind1=" " ind2=" ">
   <subfield code="a">Bibliography: p. 503-533.</subfield>
  </datafield>
  <datafield tag="650" ind1=" " ind2="0">
   <subfield code="a">National socialism</subfield>
   <subfield code="x">History.</subfield>
  </datafield>
  <datafield tag="650" ind1=" " ind2="0">
   <subfield code="a">Anti-Nazi movement</subfield>
   <subfield code="z">Germany.</subfield>
  </datafield>
  <datafield tag="651" ind1=" " ind2="0">
   <subfield code="a">Germany</subfield>
   <subfield code="x">Politics and government</subfield>
   <subfield code="y">1933-1945.</subfield>
  </datafield>
  <datafield tag="852" ind1="0" ind2=" ">
   <subfield code="a">UPVIS</subfield>
   <subfield code="b">UPV-ML</subfield>
   <subfield code="h">DD256.5 .B66 1970</subfield>
  </datafield>
  <datafield tag="942" ind1=" " ind2=" ">
   <subfield code="a">Book</subfield>
  </datafield>
 </record>
</collection>
